Percy Jackson y los dioses del Olimpo : el ladrón del rayo /
¿Qué pasaría si un día descubres que, en realidad, eres hijo de un dios griego que debe cumplir una misión secreta? Pues eso es lo que le sucede a Percy Jackson, que a partir de ese momento se dispone a vivir los acontecimientos más emocionantes de su vida. Expulsado de seis colegios, Percy padece d...
Guardado en:
| Autor Principal: | |
|---|---|
| Otros Autores: | |
| Formato: | Libro |
| Idioma: | Undetermined |
| Publicado: |
Buenos Aires :
Salamandra,
2024.
|
| Edición: | 2a ed. |
| Series: | Salamandra bolsillo
|
| Materias: | |
| Etiquetas: |
Agregar Etiqueta
Sin Etiquetas, Sea el primero en etiquetar este registro!
|
| LEADER | 01674nam a22002415a 4500 | ||
|---|---|---|---|
| 001 | CEM.cems024791 | ||
| 008 | 250710s2024####ag############000#0#und#d | ||
| 005 | 20250711140835.0 | ||
| 245 | 1 | 0 | |a Percy Jackson y los dioses del Olimpo : |b el ladrón del rayo / |c Rick Riordan. |
| 250 | |a 2a ed. | ||
| 260 | |a Buenos Aires : |b Salamandra, |c 2024. | ||
| 300 | |a 285 p. | ||
| 490 | 1 | |a Salamandra bolsillo | |
| 500 | |a Traducción: Libertad Aguilera Ballester. | ||
| 500 | |a Edad recomendada: a partir de 10 años. | ||
| 520 | |a ¿Qué pasaría si un día descubres que, en realidad, eres hijo de un dios griego que debe cumplir una misión secreta? Pues eso es lo que le sucede a Percy Jackson, que a partir de ese momento se dispone a vivir los acontecimientos más emocionantes de su vida. Expulsado de seis colegios, Percy padece dislexia y dificultades para concentrarse, o al menos ésa es la versión oficial. Objeto de burlas por inventarse historias fantásticas, ni siquiera él mismo acaba de creérselas hasta el día que los dioses del Olimpo le revelan la verdad: Percy es nada menos que un semidios, es decir, el hijo de un dios y una mortal. Y como tal ha de descubrir quién ha robado el rayo de Zeus y así evitar que estalle una guerra entre los dioses. Para cumplir la misión contará con la ayuda de sus amigos Grover, un joven sátiro, y Annabeth, hija de la sabia Atenea. | ||
| 020 | |a 9789878000862 | ||
| 100 | 1 | |a Riordan, Rick. | |
| 700 | 1 | |a Aguilera Ballester, Libertad; trad. | |
| 653 | |a Literatura infantil y juvenil | ||
| 653 | |a Literatura estadounidense | ||
| 653 | |a Novela de aventuras | ||
| 859 | |a CEMS |b BIB. CEMS - 11 de abril |h 813.5 |i R585 |p 30135.25 |t Ej.1 |v I | ||
